Opúsculos políticos y literarios / (Record no. 49591)

MARC details
000 -LEADER
campo de control de longitud fija 00708nam a2200169 i 4500
001 - NÚMERO DE CONTROL
campo de control 49591
003 - IDENTIFICADOR DE NÚMERO DE CONTROL
campo de control ES-MaACL
005 - FECHA Y HORA DE LA ÚLTIMA TRANSACCIÓN
campo de control 20230906162023.0
007 - CAMPO FIJO DE DESCRIPCIÓN FÍSICA--INFORMACIÓN GENERAL
campo de control de longitud fija t|
008 - DATOS DE LONGITUD FIJA--INFORMACIÓN GENERAL
campo de control de longitud fija 030718s1847 sp ||||1| spa d
100 1# - ENTRADA PRINCIPAL--NOMBRE DE PERSONA
Nombre de persona Costanzo, Salvador.
9 (RLIN) 41130
245 10 - MENCIÓN DEL TÍTULO
Título Opúsculos políticos y literarios /
Mención de responsabilidad, etc. de Salvador Costanzo ; precedidos de un discurso preliminar escrito por Manuel Moxó ; y acompañados de un album de poesías castellanas de algunos poetas antiguos y de los más esclarecidos entre los modernos.
260 ## - PUBLICACIÓN, DISTRIBUCIÓN, ETC.
Lugar de publicación, distribución, etc. Madrid :
Nombre del editor, distribuidor, etc. [s.n.],
Fecha de publicación, distribución, etc. 1847 (
Fabricante Imprenta de La Publicidad, a cargo de M. Rivadeneyra)
300 ## - DESCRIPCIÓN FÍSICA
Extensión L, 398 p. ;
Dimensiones 22 cm.
700 1# - ENTRADA AGREGADA--NOMBRE PERSONAL
Nombre de persona Moxó, Manuel.
9 (RLIN) 83943
852 ## - LOCALIZACIÓN
Ubicación ES-MaACL
Número de control de estantería F-2810
Holdings
Estatus retirado Estado de pérdida Estado de daño No para préstamo Colección Biblioteca de origen Biblioteca actual Ubicación en estantería Fecha de adquisición Fuente de adquisición Total de préstamos Signatura topográfica completa Código de barras Visto por última vez Precio de reemplazo Tipo de ítem Koha
        Libros del s. XIX Biblioteca del Ateneo de Madrid Biblioteca del Ateneo de Madrid Depósito 2 17/01/2008     F-2810 1052181 23/02/2023 23/02/2023 Libro impreso antiguo